El libro de las preguntas y las respuestas / (Registro nro. 11376)

Detalles MARC
000 -LEADER
fixed length control field 01248cam a22003133a 4500
001 - CONTROL NUMBER
control field 0000673
003 - CONTROL NUMBER IDENTIFIER
control field DO-SdBNP
005 - DATE AND TIME OF LATEST TRANSACTION
control field 20180130082410.0
007 - PHYSICAL DESCRIPTION FIXED FIELD--GENERAL INFORMATION
fixed length control field 0000673
008 - FIXED-LENGTH DATA ELEMENTS--GENERAL INFORMATION
fixed length control field 861112 2006 sp a 000 0 spa d
010 ## - LIBRARY OF CONGRESS CONTROL NUMBER
LC control number
020 ## - INTERNATIONAL STANDARD BOOK NUMBER
International Standard Book Number 9972625419
040 ## - CATALOGING SOURCE
Original cataloging agency BPMSU
Transcribing agency spa
Modifying agency BPMSU
--
245 03 - TITLE STATEMENT
Title El libro de las preguntas y las respuestas /
Statement of responsibility, etc. textos Eva Font, Bernardo Sánchez ; ilustración Jorge Fenosa, Luis Montañá, Marta Montañá, José Torres ; dirección editorial Jaime Viñals.
260 ## - PUBLICATION, DISTRIBUTION, ETC. (IMPRINT)
Place of publication, distribution, etc. Barcelona :
Name of publisher, distributor, etc. Lexus,
-- Thema equipo editorial,
Date of publication, distribution, etc. 2006.
300 ## - PHYSICAL DESCRIPTION
Extent 143 p
Other physical details il. ;
Dimensions 28 cm.
505 2# - FORMATTED CONTENTS NOTE
Title Ciencias y naturaleza: nuestro planeta --
-- Naturaleza: animales y plantas --
-- El espacio --
-- El cuerpo humano --
-- Gentes, costumbres y lugares --
-- Historia: personajes, hechos, curiosidades... --
-- El transporte: ayer y hoy --
-- Deportes --
-- Arte --
600 00 - SUBJECT ADDED ENTRY--PERSONAL NAME
Personal name
General subdivision
700 12 - ADDED ENTRY--PERSONAL NAME
Personal name Font, Eva,
Relator term textos
700 12 - ADDED ENTRY--PERSONAL NAME
Personal name Sánchez, Bernardo
Relator term textos
700 12 - ADDED ENTRY--PERSONAL NAME
Personal name Fenosa, Jorge
Relator term il.
700 12 - ADDED ENTRY--PERSONAL NAME
Personal name Montañá, Luis
Relator term il.
700 12 - ADDED ENTRY--PERSONAL NAME
Personal name Montañá, Marta
Relator term il.
700 12 - ADDED ENTRY--PERSONAL NAME
Personal name Torres, José
Relator term il.
700 12 - ADDED ENTRY--PERSONAL NAME
Personal name Viñals, Jaime
Relator term direcc.
942 ## - ADDED ENTRY ELEMENTS (KOHA)
Source of classification or shelving scheme Dewey Decimal Classification
Koha item type Libros
945 ## - LOCAL PROCESSING INFORMATION (OCLC)
a Inventariado, 2018 /LP
956 ## - LOCAL ELECTRONIC LOCATION AND ACCESS (OCLC)
Access method YLOCKWARD
Materials specified 10
Field link and sequence number BPMSU
Existencias
Withdrawn status Lost status Source of classification or shelving scheme Damaged status Not for loan Collection code Home library Current library Date acquired Source of acquisition Cost, normal purchase price Total Checkouts Barcode Date last seen Price effective from Koha item type
    Dewey Decimal Classification     Colección General Biblioteca Pública Metropolitana Salomé Ureña Biblioteca Pública Metropolitana Salomé Ureña 09/14/2016 Compra 1050.00   BPMSU16090277 09/14/2016 09/14/2016 Libros